000
00329nam a2200133Ia 4500
008
230217s9999 xx 000 0 und d
020
_a
9789386478597
082
_b
sid-a
100
_a
siddiqui
245
2
_a
a text book of hospital & clinical pharmacy 2nd edition
260
_b
c.b.s. publisher
300
_a
318
942
_c
BK
999
_c
41637
_d
41637